| 000 | 01115nam a22003257a 4500 | ||
|---|---|---|---|
| 003 | CHAP | ||
| 005 | 20220329135551.0 | ||
| 008 | 971013s1982 r 00010 d | ||
| 010 | _a38630 | ||
| 011 | _a39602 | ||
| 035 | _a43723 | ||
| 040 | _cCHAP | ||
| 090 | _aTesis | ||
| 100 | 0 | 0 |
_aMoctezuma Arroyo, Humberto. _976395 |
| 245 | _aPresencia de metacercarias de Fasciola hepatica en pasto y agua en el Municipio de Mixquiahula, Hidalgo | ||
| 260 |
_a(México, D.F.) : _bEl autor, _c1982 |
||
| 300 | _a17 h | ||
| 502 | _aTesis (Médico Veterinario Zootecnista) -- UNAM. Facultad de Medicina Veterinaria y Zootecnia | ||
| 590 |
_aALEPH _b10 _c20130110 _lUCH01 _h1304 |
||
| 590 |
_aBATCH-UPD _b10 _c20130110 _lUCH01 _h2153 |
||
| 590 |
_aBATCH-UPD _b10 _c20130410 _lUCH01 _h1501 |
||
| 590 |
_aBATCH-UPD _b10 _c20130914 _lUCH01 _h1209 |
||
| 590 |
_aCONVERSION _b10 _c20130109 _lUCH01 _h1321 |
||
| 650 | 1 | 4 |
_aDistrito de Riego Tula, Hgo. _932945 |
| 650 | 1 | 4 |
_aFasciola hepatica. _939814 |
| 650 | 1 | 4 |
_aPastos _xContaminación. _986010 |
| 901 | _aBK | ||
| 942 | _cTESIS | ||
| 949 |
_bBC _cTES _d-100000 _eTS1 _h17202 _i43723 _si |
||
| 999 |
_c38630 _d38630 |
||